[Event "Easter op"]
[Site "Winnipeg CAN"]
[Date "2003.04.26"]
[Round "2"]
[White "Schulz, Waldemar"]
[Black "Cleto, Sam"]
[Result "1-0"]
[WhiteElo "2060"]
[BlackElo "1881"]
[PlyCount "130"]
[EventDate "2003.04.25"]
[EventType "swiss"]
[EventRounds "5"]
[EventCountry "CAN"]
[Source "ChessBase"]
[SourceDate "2003.11.25"]

1. Nf3 Nf6 2. d4 e6 3. c4 Bb4+ 4. Bd2 a5 5. Nc3 O-O 6. e3 c5 7. Be2 d5 8. O-O
b6 9. Rc1 Bb7 10. a3 Bxc3 11. Bxc3 Ne4 12. dxc5 bxc5 13. Qc2 dxc4 14. Rfd1 Qe7
15. Ne5 Qh4 16. Bf1 Ng5 17. Be1 Qh5 18. Qxc4 Nh3+ 19. gxh3 Qxe5 20. Bc3 Qg5+
21. Qg4 Qxg4+ 22. hxg4 Bf3 23. Bg2 Bxd1 24. Bxa8 Bxg4 25. Bxa5 Nd7 26. Bc6 Ne5
27. Rxc5 Nd3 28. Rg5 f5 29. Bc3 g6 30. Bb5 Rd8 31. h3 Bxh3 32. Rg3 Bg4 33. Bf6
Rf8 34. Bxd3 Rxf6 35. Bc4 h5 36. f4 Kf8 37. Rg2 Ke7 38. Rd2 Rf8 39. Kf2 Rc8 40.
b3 Rc6 41. a4 Rd6 42. Rxd6 Kxd6 43. b4 Bd1 44. Bb5 e5 45. a5 Bc2 46. Be8 exf4
47. exf4 h4 48. Bxg6 Bd3 49. Be8 Be4 50. Bb5 Kc7 51. Bf1 Kc6 52. Kg1 Bf3 53.
Kh2 Bg4 54. b5+ Kc5 55. b6 Kd6 56. Bg2 Be2 57. Kh3 Ba6 58. Kxh4 Kd7 59. Kg5 Kc8
60. b7+ Kb8 61. Kxf5 Ka7 62. Ke5 Bc4 63. Kd6 Kb8 64. f5 Ka7 65. Kc7 Bd5 1-0

[Event "Easter op"]
[Site "Winnipeg CAN"]
[Date "2003.04.26"]
[Round "2"]
[White "Van Wyk, Joseph"]
[Black "Lipnowski, Samuel"]
[Result "0-1"]
[WhiteElo "1914"]
[BlackElo "2076"]
[PlyCount "80"]
[EventDate "2003.04.25"]
[EventType "swiss"]
[EventRounds "5"]
[EventCountry "CAN"]
[Source "ChessBase"]
[SourceDate "2003.11.25"]

1. c4 e6 2. Nc3 d5 3. e3 c6 4. Nf3 Nf6 5. a3 Bd6 6. d4 O-O 7. Bd3 Nbd7 8. O-O
dxc4 9. Bxc4 e5 10. e4 h6 11. Re1 Re8 12. Qb3 Qe7 13. Be3 Ng4 14. Rad1 Nxe3 15.
fxe3 b5 16. Bd3 Nf8 17. d5 Bd7 18. dxc6 Bxc6 19. Bxb5 Rab8 20. Qa4 Rxb5 21.
Nxb5 Rb8 22. Rxd6 Qxd6 23. Nxd6 Bxa4 24. Nxe5 Rxb2 25. Nexf7 Rb3 26. e5 Ne6 27.
Rc1 Bd7 28. Kf2 Rxa3 29. Rb1 Ra2+ 30. Kf3 Bc6+ 31. e4 Ra3+ 32. Kg4 Bd7 33. Rb8+
Kh7 34. h4 Nd4+ 35. Nf5 h5+ 36. Kxh5 g6+ 37. Kg5 gxf5 38. exf5 Bxf5 39. Rb4
Rg3+ 40. Kf4 Rg4+ 0-1

[Event "Easter op"]
[Site "Winnipeg CAN"]
[Date "2003.04.26"]
[Round "2"]
[White "Zaczek, Jonathan"]
[Black "Shome, Devarshi"]
[Result "1-0"]
[WhiteElo "1504"]
[BlackElo "1607"]
[PlyCount "41"]
[EventDate "2003.04.25"]
[EventType "swiss"]
[EventRounds "5"]
[EventCountry "CAN"]
[Source "ChessBase"]
[SourceDate "2003.11.25"]

1. e4 e6 2. d4 d5 3. Nc3 Bb4 4. a3 Bxc3+ 5. bxc3 c5 6. e5 Nc6 7. Qg4 Nge7 8.
Nf3 O-O 9. Bd3 Nf5 10. Qh3 cxd4 11. cxd4 h6 12. c3 Qa5 13. Bd2 Qc7 14. g4 Nfe7
15. g5 Ng6 16. gxh6 gxh6 17. Qxh6 Rd8 18. Rg1 Nce7 19. Ng5 Nf5 20. Bxf5 exf5
21. Nxf7 1-0

[Event "Easter op"]
[Site "Winnipeg CAN"]
[Date "2003.04.26"]
[Round "3"]
[White "Cleto, Sam"]
[Black "Gannon, Keith"]
[Result "1-0"]
[WhiteElo "1881"]
[BlackElo "1580"]
[PlyCount "43"]
[EventDate "2003.04.25"]
[EventType "swiss"]
[EventRounds "5"]
[EventCountry "CAN"]
[Source "ChessBase"]
[SourceDate "2003.11.25"]

1. d4 d5 2. Nf3 Nf6 3. Bf4 e6 4. e3 Nc6 5. Bb5 Bb4+ 6. c3 Bd6 7. Ne5 Bd7 8. Bd3
a6 9. O-O b5 10. Bc2 a5 11. Nd2 a4 12. e4 Bxe5 13. dxe5 Nxe4 14. Nxe4 dxe4 15.
Bxe4 Ra6 16. Qg4 g6 17. Rad1 Qe7 18. Bg5 Qc5 19. Bxc6 Qxc6 20. Qb4 f6 21. Bxf6
Kf7 22. Qe7+ 1-0

[Event "Easter op"]
[Site "Winnipeg CAN"]
[Date "2003.04.26"]
[Round "3"]
[White "Katona, John"]
[Black "Anderson, George"]
[Result "1-0"]
[WhiteElo "1751"]
[BlackElo "1535"]
[PlyCount "67"]
[EventDate "2003.04.25"]
[EventType "swiss"]
[EventRounds "5"]
[EventCountry "CAN"]
[Source "ChessBase"]
[SourceDate "2003.11.25"]

1. e4 e6 2. d4 d5 3. Nd2 c5 4. exd5 Qxd5 5. Ngf3 cxd4 6. Bc4 Qc5 7. O-O Nc6 8.
Qe2 Bd6 9. Ne4 Bxh2+ 10. Nxh2 Qe7 11. Bb5 Bd7 12. Re1 Nf6 13. Bg5 h6 14. Bh4 g5
15. Bg3 Nxe4 16. Qxe4 f5 17. Qd3 f4 18. Bxc6 Bxc6 19. Qxd4 Rf8 20. Qd3 fxg3 21.
Qxg3 h5 22. Qh3 O-O-O 23. Rxe6 g4 24. Qe3 Qb4 25. Nf1 Qxb2 26. Re1 Qxa2 27. Qc3
Qd5 28. Qg3 Rfe8 29. Rxe8 Rxe8 30. Ne3 Qe4 31. Rd1 Ba4 32. Qd6 Qc6 33. Nf5 Qxc2
34. Ne7+ 1-0

[Event "Easter op"]
[Site "Winnipeg CAN"]
[Date "2003.04.26"]
[Round "3"]
[White "Khedkar, Jay"]
[Black "Schulz, Waldemar"]
[Result "1-0"]
[WhiteElo "1938"]
[BlackElo "2060"]
[PlyCount "159"]
[EventDate "2003.04.25"]
[EventType "swiss"]
[EventRounds "5"]
[EventCountry "CAN"]
[Source "ChessBase"]
[SourceDate "2003.11.25"]

1. e4 d6 2. d4 Nf6 3. Nc3 g6 4. Bc4 c6 5. Qe2 Bg7 6. e5 dxe5 7. dxe5 Nd5 8. Bd2
O-O 9. O-O-O Be6 10. Nf3 Nxc3 11. Bxc3 Qc8 12. Rhe1 b5 13. Bxe6 Qxe6 14. Kb1 a5
15. Qe4 b4 16. Bd4 Qf5 17. Qxf5 gxf5 18. e6 Bxd4 19. Nxd4 fxe6 20. Nxe6 Rc8 21.
Re5 Kf7 22. Nc5 Kf6 23. f4 Ra7 24. Rd3 Rcc7 25. Rd8 Nd7 26. Nxd7+ Rxd7 27. Rxd7
Rxd7 28. Kc1 Ra7 29. Rc5 Ra6 30. Kd2 e6 31. Kd3 Ke7 32. Kc4 Kd6 33. Re5 Ra8 34.
Re3 Re8 35. Re5 Ra8 36. Kb3 Ra7 37. Ka4 c5 38. Kb5 Rc7 39. Kb6 Rc8 40. b3 h5
41. Kb5 h4 42. Re3 Rg8 43. g3 hxg3 44. hxg3 Rh8 45. Rd3+ Ke7 46. c3 Rh2 47.
cxb4 cxb4 48. Kxa5 Rxa2+ 49. Kxb4 Re2 50. Kc5 e5 51. fxe5 Rxe5+ 52. Kd4 Kd6 53.
Kc4+ Kc6 54. b4 Re4+ 55. Rd4 Re3 56. b5+ Kc7 57. Rd3 Re4+ 58. Kc5 Re5+ 59. Rd5
Re3 60. b6+ Kb7 61. Rd7+ Kb8 62. Rg7 Re1 63. Kc6 Rc1+ 64. Kd6 Re1 65. Rg5 Re3
66. Kc6 Re6+ 67. Kc5 Re3 68. Kd4 Re4+ 69. Kd5 Re3 70. Kd4 Re4+ 71. Kd3 Ra4 72.
Ke3 Kb7 73. Rxf5 Kxb6 74. Rd5 Kc6 75. Rd3 Kc5 76. Kf3 Kc4 77. Rd7 Kc5 78. g4
Kc6 79. Rd2 Rb4 80. Kg3 1-0

[Event "Easter op"]
[Site "Winnipeg CAN"]
[Date "2003.04.26"]
[Round "3"]
[White "Lipnowski, Samuel"]
[Black "Vincent, Trevor"]
[Result "1-0"]
[WhiteElo "2076"]
[BlackElo "1990"]
[PlyCount "101"]
[EventDate "2003.04.25"]
[EventType "swiss"]
[EventRounds "5"]
[EventCountry "CAN"]
[Source "ChessBase"]
[SourceDate "2003.11.25"]

1. d4 Nf6 2. Nf3 d5 3. c4 dxc4 4. e3 e6 5. Bxc4 c5 6. O-O cxd4 7. exd4 Be7 8.
Nc3 O-O 9. Re1 Nbd7 10. Bg5 Nb6 11. Bb3 Nbd5 12. Ne5 Nd7 13. Bxe7 Nxe7 14. Qf3
Nxe5 15. dxe5 Ng6 16. g3 Qa5 17. Qe3 Bd7 18. h4 Bc6 19. h5 Ne7 20. Bc2 Qb4 21.
h6 Qg4 22. hxg7 Kxg7 23. Be4 Nf5 24. Qe2 Qxe2 25. Rxe2 Nd4 26. Re3 Rad8 27. Rc1
Bxe4 28. Nxe4 Nf5 29. Ra3 Rd5 30. f4 Rd4 31. Re1 Rb4 32. Re2 Nd4 33. Rf2 Nb5
34. Re3 Rc8 35. Kg2 Rbc4 36. Rd2 Rc2 37. Red3 R8c4 38. Nf6 Rd4 39. Rxc2 Rxd3
40. Rc8 Rd2+ 41. Kh3 h5 42. Nxh5+ Kg6 43. Kg4 Rxb2 44. Rg8+ Kh6 45. Nf6 Rxa2
46. Kh3 Ra3 47. Kg2 Ra2+ 48. Kf1 Ra1+ 49. Kf2 Ra2+ 50. Ke1 Ra1+ 51. Kd2 1-0

[Event "Easter op"]
[Site "Winnipeg CAN"]
[Date "2003.04.26"]
[Round "3"]
[White "Zaczek, Jonathan"]
[Black "Anderson, Collin"]
[Result "0-1"]
[WhiteElo "1504"]
[BlackElo "1685"]
[PlyCount "61"]
[EventDate "2003.04.25"]
[EventType "swiss"]
[EventRounds "5"]
[EventCountry "CAN"]
[Source "ChessBase"]
[SourceDate "2003.11.25"]

1. e4 e6 2. d4 d5 3. Nc3 Bb4 4. a3 Bxc3+ 5. bxc3 dxe4 6. Qg4 Nf6 7. Qxg7 Rg8 8.
Qh6 Rg6 9. Qh4 Qd5 10. Ne2 Nbd7 11. Nf4 Qa5 12. Bd2 Rg4 13. Qh6 Qa4 14. Be2 Rg8
15. Kd1 b6 16. Be1 Bb7 17. Rg1 O-O-O 18. g4 e5 19. Nh5 Rg6 20. Qc1 Nxh5 21. Rb1
Nf4 22. Bb5 Ne2 23. Kxe2 Ba6 24. c4 Bxb5 25. cxb5 Qc4+ 26. Kd1 Qxd4+ 27. Qd2
Qxd2+ 28. Bxd2 Nc5 29. Ke2 Ne6 30. h4 Nd4+ 31. Ke3 0-1

[Event "Easter op"]
[Site "Winnipeg CAN"]
[Date "2003.04.26"]
[Round "3"]
[White "Zhang, Guannan"]
[Black "Reimer, Bruce"]
[Result "1-0"]
[WhiteElo "1513"]
[BlackElo "1318"]
[PlyCount "75"]
[EventDate "2003.04.25"]
[EventType "swiss"]
[EventRounds "5"]
[EventCountry "CAN"]
[Source "ChessBase"]
[SourceDate "2003.11.25"]

1. e4 d6 2. d4 Nf6 3. Nc3 g6 4. Nf3 Bg7 5. Be3 c6 6. Qd2 b5 7. a3 Bg4 8. Be2
Nbd7 9. O-O e5 10. d5 cxd5 11. exd5 a6 12. Ng5 Bxe2 13. Qxe2 O-O 14. Nge4 Nxe4
15. Nxe4 Nf6 16. Bg5 h6 17. Nxf6+ Bxf6 18. Bxf6 Qxf6 19. c4 bxc4 20. Qxc4 Rfc8
21. Qe4 a5 22. a4 Rc5 23. f4 exf4 24. Rxf4 Qxb2 25. Raf1 Rc7 26. Qf3 Rf8 27.
Rf6 Qb6+ 28. Kh1 Kg7 29. Qf4 Rd7 30. h4 Qc5 31. h5 Qxd5 32. Rxg6+ fxg6 33.
Qxf8+ Kh7 34. hxg6+ Kxg6 35. Qe8+ Rf7 36. Qg8+ Kh5 37. Qxf7+ Qxf7 38. Rxf7 1-0

[Event "Easter op"]
[Site "Winnipeg CAN"]
[Date "2003.04.27"]
[Round "4"]
[White "Khedkar, Jay"]
[Black "Lipnowski, Samuel"]
[Result "1-0"]
[WhiteElo "1938"]
[BlackElo "2076"]
[PlyCount "117"]
[EventDate "2003.04.25"]
[EventType "swiss"]
[EventRounds "5"]
[EventCountry "CAN"]
[Source "ChessBase"]
[SourceDate "2003.11.25"]

1. d4 d5 2. c4 e6 3. Nc3 c6 4. cxd5 exd5 5. Nf3 Bf5 6. Bf4 Bd6 7. Ne5 f6 8. Nd3
Bxf4 9. Nxf4 Ne7 10. e3 O-O 11. Rc1 Qd6 12. Be2 Nd7 13. O-O Rae8 14. Qd2 Ng6
15. Nh5 Nh4 16. Ng3 Bg6 17. Bh5 Bxh5 18. Nxh5 f5 19. Ne2 Qg6 20. Neg3 Nf6 21.
Qd1 Qh6 22. Nxf6+ Rxf6 23. Qh5 Qxh5 24. Nxh5 Rh6 25. Nf4 g5 26. Nd3 Ng6 27.
Rce1 Re4 28. g3 f4 29. Nc5 Re7 30. exf4 gxf4 31. Rxe7 Nxe7 32. Nxb7 Re6 33. Nc5
Re2 34. Nd3 f3 35. Re1 Nf5 36. Rxe2 fxe2 37. f4 Nxd4 38. Kf2 a5 39. Nc1 e1=B+
40. Kxe1 Nf3+ 41. Ke2 Nxh2 42. a4 Ng4 43. Nb3 Nf6 44. Nxa5 c5 45. Nc6 Kf7 46.
a5 Ne8 47. a6 Ke6 48. a7 Nc7 49. g4 d4 50. Kd3 Kd5 51. Ne5 Na8 52. b3 Nb6 53.
Nd7 Na8 54. Nf6+ Kc6 55. Nxh7 Kb7 56. f5 Nc7 57. g5 Nd5 58. g6 Nf4+ 59. Kd2 1-0

[Event "Easter op"]
[Site "Winnipeg CAN"]
[Date "2003.04.27"]
[Round "4"]
[White "Schulz, Waldemar"]
[Black "Katona, John"]
[Result "1-0"]
[WhiteElo "2060"]
[BlackElo "1751"]
[PlyCount "108"]
[EventDate "2003.04.25"]
[EventType "swiss"]
[EventRounds "5"]
[EventCountry "CAN"]
[Source "ChessBase"]
[SourceDate "2003.11.25"]

1. d4 Nf6 2. c4 g6 3. Nc3 Bg7 4. e4 d6 5. Nf3 O-O 6. Be2 e5 7. d5 Nbd7 8. O-O
Nc5 9. Qc2 a5 10. Ne1 Nfd7 11. Be3 f5 12. f3 f4 13. Bf2 g5 14. a3 a4 15. Rb1
Nb3 16. Nxa4 Nd4 17. Bxd4 exd4 18. Nd3 Rf6 19. b4 Rh6 20. Bd1 Qe8 21. Qf2 Ne5
22. Nab2 Rxa3 23. Be2 b6 24. Ra1 Rxa1 25. Rxa1 Bd7 26. Ra7 Qb8 27. Ra3 Qe8 28.
Bd1 Qh5 29. Ra8+ Kf7 30. h3 Ke7 31. Ra7 Kd8 32. Ra8+ Ke7 33. Nxe5 Bxe5 34. Nd3
Bf6 35. Qe2 Be5 36. Ba4 Qh4 37. Bxd7 Kxd7 38. Qf2 Qh5 39. Qa2 g4 40. fxg4 Qg6
41. Qe2 Rh4 42. c5 bxc5 43. bxc5 h5 44. gxh5 Rxh5 45. Qg4+ Qxg4 46. hxg4 Rg5
47. c6+ Ke7 48. Rc8 Rxg4 49. Rxc7+ Kd8 50. Rf7 Kc8 51. Nxe5 dxe5 52. d6 Rg8 53.
Ra7 Kb8 54. Rb7+ Kc8 1-0

[Event "Easter op"]
[Site "Winnipeg CAN"]
[Date "2003.04.27"]
[Round "4"]
[White "Shome, Devarshi"]
[Black "Reimer, Bruce"]
[Result "0-1"]
[WhiteElo "1607"]
[BlackElo "1318"]
[PlyCount "52"]
[EventDate "2003.04.25"]
[EventType "swiss"]
[EventRounds "5"]
[EventCountry "CAN"]
[Source "ChessBase"]
[SourceDate "2003.11.25"]

1. e4 d6 2. d4 Nf6 3. Nc3 g6 4. f4 Bg7 5. Nf3 c5 6. d5 O-O 7. Be3 a6 8. a4 e6
9. h3 exd5 10. exd5 Re8 11. Qd2 Qe7 12. Kf2 Ne4+ 13. Nxe4 Qxe4 14. Ng5 Qf5 15.
g4 Qf6 16. Bd3 Nd7 17. Ne4 Qh4+ 18. Ng3 Nf6 19. f5 c4 20. Bg5 Nxg4+ 21. hxg4
Qxg4 22. Rh4 Bd4+ 23. Kg2 Be3 24. Re1 Qxg5 25. Rxe3 Rxe3 26. Kf2 Qxg3+ 0-1

[Event "Easter op"]
[Site "Winnipeg CAN"]
[Date "2003.04.27"]
[Round "4"]
[White "Vincent, Trevor"]
[Black "Cleto, Sam"]
[Result "1-0"]
[WhiteElo "1990"]
[BlackElo "1881"]
[PlyCount "103"]
[EventDate "2003.04.25"]
[EventType "swiss"]
[EventRounds "5"]
[EventCountry "CAN"]
[Source "ChessBase"]
[SourceDate "2003.11.25"]

1. c4 Nf6 2. Nc3 c6 3. Nf3 g6 4. g3 Bg7 5. Bg2 O-O 6. O-O d6 7. d4 a6 8. Qc2
Qc7 9. h3 Be6 10. b3 Qc8 11. Kh2 b5 12. Ng5 bxc4 13. Nxe6 cxb3 14. Qxb3 fxe6
15. Na4 Nbd7 16. Qxe6+ Rf7 17. Rb1 Qc7 18. Be3 Nf8 19. Qc4 d5 20. Qc2 N8d7 21.
Bf4 Qc8 22. Rfc1 g5 23. Bxg5 Ne4 24. Bxe4 dxe4 25. Be3 Qf8 26. Kg1 e5 27. Qxe4
Re8 28. dxe5 Nxe5 29. Bc5 Nf3+ 30. Qxf3 Rxf3 31. Bxf8 Rfxf8 32. e3 Rf5 33. Rxc6
Ra5 34. Nc5 Rxa2 35. Rxa6 Rd2 36. Rab6 Rf8 37. Ne4 Rc2 38. Rb8 Be5 39. Rxf8+
Kxf8 40. Rd1 Rc7 41. Kg2 Kf7 42. f4 Bc3 43. Nxc3 Rxc3 44. Kf3 Kg6 45. Rd5 Kh6
46. Re5 Rc6 47. f5 Rc1 48. Kg4 Rc4+ 49. e4 Rb4 50. Re6+ Kg7 51. h4 Rb3 52. Kf4
1-0

[Event "Easter op"]
[Site "Winnipeg CAN"]
[Date "2003.04.27"]
[Round "4"]
[White "Zhang, Guannan"]
[Black "Gannon, Keith"]
[Result "0-1"]
[WhiteElo "1513"]
[BlackElo "1580"]
[PlyCount "88"]
[EventDate "2003.04.25"]
[EventType "swiss"]
[EventRounds "5"]
[EventCountry "CAN"]
[Source "ChessBase"]
[SourceDate "2003.11.25"]

1. e4 e5 2. Nf3 d6 3. d4 exd4 4. Nxd4 Nf6 5. Nc3 a6 6. Bd3 Nbd7 7. Nf5 Nc5 8.
O-O Nxd3 9. Qxd3 Be6 10. Bg5 h6 11. Bh4 g5 12. Bg3 Nh5 13. Rfe1 Nxg3 14. Qxg3
c6 15. Rad1 Qc7 16. Nxd6+ Bxd6 17. Qxd6 Qxd6 18. Rxd6 O-O 19. e5 Rfe8 20. Ne4
Kg7 21. Nc5 Rab8 22. Nxe6+ Rxe6 23. Rd4 Rbe8 24. Rde4 Rd8 25. h3 Rd2 26. R4e2
Rd5 27. c4 Rd7 28. g3 Kg6 29. f4 f6 30. Rf1 gxf4 31. gxf4 Kf5 32. a3 Rd4 33.
Ref2 Rxc4 34. Kg2 Rd4 35. Kg3 b5 36. Kh4 fxe5 37. Kh5 e4 38. Rc1 e3 39. Rff1 e2
40. Rfe1 Kxf4 41. Rg1 Kf3 42. Rgf1+ exf1=Q 43. Rxf1+ Kg2 44. Rc1 Rd5+ 0-1

[Event "Easter op"]
[Site "Winnipeg CAN"]
[Date "2003.04.27"]
[Round "5"]
[White "Anderson, Collin"]
[Black "Czypinski, Jaroslaw"]
[Result "1/2-1/2"]
[WhiteElo "1685"]
[BlackElo "1959"]
[PlyCount "105"]
[EventDate "2003.04.25"]
[EventType "swiss"]
[EventRounds "5"]
[EventCountry "CAN"]
[Source "ChessBase"]
[SourceDate "2003.11.25"]

1. d4 Nf6 2. c4 e6 3. Nf3 Bb4+ 4. Bd2 Qe7 5. Nc3 Bxc3 6. Bxc3 Ne4 7. Qc2 Nxc3
8. Qxc3 b6 9. g3 Bb7 10. Bg2 O-O 11. O-O d6 12. Rad1 Nd7 13. Rfe1 Nf6 14. Nd2
Bxg2 15. Kxg2 c5 16. e4 Qb7 17. d5 e5 18. f4 exf4 19. gxf4 Rfe8 20. e5 dxe5 21.
fxe5 Nxd5 22. cxd5 Qxd5+ 23. Nf3 Qxa2 24. Rd7 Rad8 25. Red1 Rxd7 26. Rxd7 h5
27. Ng5 Qa4 28. e6 f6 29. h3 Qc6+ 30. Kh2 a6 31. Qg3 Qb5 32. Ne4 Qxb2+ 33. Kg1
f5 34. Rxg7+ Qxg7 35. Nf6+ Kf8 36. Qxg7+ Kxg7 37. Nxe8+ Kf8 38. Nc7 Ke7 39. Kf2
Kd6 40. e7 Kxe7 41. Nd5+ Kd6 42. Nxb6 Ke5 43. Ke3 f4+ 44. Kf3 Kf5 45. Nd5 a5
46. Nxf4 a4 47. Ne2 Ke5 48. Ke3 a3 49. Nc3 c4 50. Na2 Kd5 51. Nc3+ Ke5 52. h4
Kf5 53. Kf3 1/2-1/2

[Event "Easter op"]
[Site "Winnipeg CAN"]
[Date "2003.04.27"]
[Round "5"]
[White "Katona, John"]
[Black "Gannon, Keith"]
[Result "1-0"]
[WhiteElo "1751"]
[BlackElo "1580"]
[PlyCount "77"]
[EventDate "2003.04.25"]
[EventType "swiss"]
[EventRounds "5"]
[EventCountry "CAN"]
[Source "ChessBase"]
[SourceDate "2003.11.25"]

1. e4 d6 2. d4 g6 3. Nc3 Nf6 4. Nf3 Bg7 5. Bg5 h6 6. Bf4 Bg4 7. Be2 Nbd7 8. h3
Bxf3 9. Bxf3 e5 10. Be3 c6 11. Qd2 Qc7 12. O-O-O b6 13. Be2 O-O-O 14. f3 Nb8
15. d5 cxd5 16. Nxd5 Nxd5 17. Qxd5 Rhf8 18. Rd3 Kd7 19. Rc3 Nc6 20. Rxc6 Qxc6
21. Bb5 Qxb5 22. Qxb5+ Ke7 23. Rd1 f5 24. Qc6 f4 25. Bd2 Rfe8 26. Bb4 Bf8 27.
Bxd6+ Kf7 28. Bxf8 Rxd1+ 29. Kxd1 Rxf8 30. Qd5+ Kf6 31. Qd6+ Kf7 32. Qxe5 Rd8+
33. Kc1 g5 34. Qc7+ Ke8 35. Qxa7 h5 36. Qxb6 g4 37. hxg4 hxg4 38. Qe6+ Kf8 39.
Qxg4 1-0

[Event "Easter op"]
[Site "Winnipeg CAN"]
[Date "2003.04.27"]
[Round "5"]
[White "Lipnowski, Samuel"]
[Black "Schulz, Waldemar"]
[Result "1/2-1/2"]
[WhiteElo "2076"]
[BlackElo "2060"]
[PlyCount "121"]
[EventDate "2003.04.25"]
[EventType "swiss"]
[EventRounds "5"]
[EventCountry "CAN"]
[Source "ChessBase"]
[SourceDate "2003.11.25"]

1. e4 c5 2. Nf3 e6 3. d4 cxd4 4. Nxd4 a6 5. Bd3 Ne7 6. O-O Nbc6 7. Nxc6 Nxc6 8.
Qg4 Ne5 9. Qg3 Nxd3 10. cxd3 Qf6 11. Nc3 Be7 12. f4 O-O 13. f5 Qh4 14. Qc7 Bd8
15. Qd6 Be7 16. Qb6 Bd8 17. Qe3 b5 18. Rf4 Qh6 19. Qe1 Bg5 20. Rf3 Bxc1 21.
Rxc1 exf5 22. Rxf5 d6 23. Rf1 Be6 24. a3 Rac8 25. Qf2 Qg5 26. Ne2 Qd2 27. Nf4
Qxc1 28. Nxe6 Qxf1+ 29. Qxf1 fxe6 30. Qd1 Rc7 31. h3 Rfc8 32. Qg4 Re7 33. Qg3
Rd7 34. Qf2 Rc6 35. Qd4 d5 36. Kh2 Rcd6 37. Qe5 dxe4 38. dxe4 h6 39. Qc5 Kf7
40. e5 Rd5 41. Qc6 a5 42. Qc3 Rd2 43. Qf3+ Kg8 44. Qc6 Kf7 45. Qxb5 R7d5 46.
Qb7+ Kg6 47. Qb8 Re2 48. Qe8+ Kh7 49. Qxe6 Rdxe5 50. Qd6 Re8 51. b4 axb4 52.
axb4 Rb2 53. b5 Ree2 54. Qd5 Red2 55. Qc6 Rb4 56. b6 Rdb2 57. b7 Rxb7 58. h4
R7b4 59. Kh3 R4b3+ 60. g3 Re2 61. Qd7 1/2-1/2

[Event "Easter op"]
[Site "Winnipeg CAN"]
[Date "2003.04.27"]
[Round "5"]
[White "Vincent, Trevor"]
[Black "Khedkar, Jay"]
[Result "0-1"]
[WhiteElo "1990"]
[BlackElo "1938"]
[PlyCount "80"]
[EventDate "2003.04.25"]
[EventType "swiss"]
[EventRounds "5"]
[EventCountry "CAN"]
[Source "ChessBase"]
[SourceDate "2003.11.25"]

1. c4 e6 2. g3 d5 3. Nf3 Nf6 4. Bg2 Be7 5. O-O O-O 6. d4 Nbd7 7. Nc3 b6 8. Ne5
Bb7 9. cxd5 Nxd5 10. Nxd7 Qxd7 11. e4 Nxc3 12. bxc3 c5 13. Ba3 cxd4 14. Bxe7
Qxe7 15. cxd4 Rfd8 16. Qd3 Qb4 17. Rfd1 Rac8 18. Rab1 Qa4 19. a3 Rc4 20. d5 Ba6
21. Qf3 exd5 22. exd5 Rc2 23. Rb4 Qd7 24. Rh4 Re8 25. Bh3 Qd6 26. Qf5 Qg6 27.
Qd7 Rce2 28. Bf1 Bc8 29. Qxc8 Rxc8 30. Bxe2 Qc2 31. Kf1 g6 32. d6 Rd8 33. d7
Qc6 34. Bc4 Rxd7 35. Rxd7 Qxd7 36. Rf4 Qd1+ 37. Kg2 Qc1 38. Bxf7+ Kg7 39. Be6
Qxa3 40. Rf7+ Kh8 0-1

[Event "Easter op"]
[Site "Winnipeg CAN"]
[Date "2003.04.27"]
[Round "5"]
[White "Zaczek, Jonathan"]
[Black "Zhang, Guannan"]
[Result "1-0"]
[WhiteElo "1504"]
[BlackElo "1513"]
[PlyCount "73"]
[EventDate "2003.04.25"]
[EventType "swiss"]
[EventRounds "5"]
[EventCountry "CAN"]
[Source "ChessBase"]
[SourceDate "2003.11.25"]

1. e4 e5 2. Nf3 d6 3. Bc4 h6 4. O-O Nf6 5. c3 Bg4 6. Re1 Nbd7 7. Qb3 Nc5 8. Qc2
Bxf3 9. gxf3 g6 10. d4 Ne6 11. Qb3 Ng5 12. Bxg5 hxg5 13. Bxf7+ Kd7 14. dxe5 Kc8
15. exf6 Qxf6 16. Qe6+ Qxe6 17. Bxe6+ Kd8 18. Nd2 Ke7 19. Bg4 Bg7 20. Nc4 b5
21. Na5 Rh4 22. e5 dxe5 23. Rad1 Rah8 24. h3 Re8 25. Rd7+ Kf6 26. Rxc7 Rhh8 27.
Rxa7 Bf8 28. Nc6 Bc5 29. Rb7 e4 30. Rxb5 Bd6 31. fxe4 Bf4 32. e5+ Kg7 33. Nd4
Rb8 34. Rxb8 Rxb8 35. Ne6+ Kf7 36. Nxf4 gxf4 37. Re2 1-0

[Event "Eastern Ontario op"]
[Site "Ottawa CAN"]
[Date "2003.06.07"]
[Round "1"]
[White "Pacey, Kevin"]
[Black "Danilov, Alex"]
[Result "1-0"]
[WhiteElo "2282"]
[BlackElo "1920"]
[PlyCount "93"]
[EventDate "2003.06.07"]
[EventType "swiss"]
[EventRounds "5"]
[EventCountry "CAN"]

1. d4 Nf6 2. c4 e6 3. Nc3 Bb4 4. e3 c5 5. Bd3 Bxc3+ 6. bxc3 Nc6 7. Ne2 d6 8.
O-O e5 9. d5 Ne7 10. e4 h6 11. Ng3 O-O 12. Nh5 Ng6 13. Qf3 Nh7 14. Qg3 Nf6 15.
Qf3 Nh7 16. h3 Qh4 17. Ng3 Nf6 18. Re1 Bd7 19. Bf1 Rfe8 20. Nf5 Bxf5 21. Qxf5
Nf4 22. g3 g6 23. Qxf4 exf4 24. gxh4 Nh5 25. Bg2 f5 26. Bd2 fxe4 27. Rxe4 Kf7
28. Rae1 g5 29. Re6 Nf6 30. Rxd6 Rxe1+ 31. Bxe1 Re8 32. Re6 b6 33. Rxe8 Nxe8
34. f3 Nd6 35. Bf1 Nf5 36. hxg5 hxg5 37. Bd3 Nd6 38. h4 Kf6 39. Kh2 Nf7 40. Kh3
Ne5 41. hxg5+ Kxg5 42. Bh4+ Kh5 43. Be2 Kg6 44. Bd8 Kf5 45. Bc7 Nd7 46. Bd1 a6
47. Ba4 1-0

[Event "Eastern Ontario op"]
[Site "Ottawa CAN"]
[Date "2003.06.07"]
[Round "2"]
[White "Guignard, Michael"]
[Black "Pacey, Kevin"]
[Result "1/2-1/2"]
[WhiteElo "2070"]
[BlackElo "2282"]
[PlyCount "85"]
[EventDate "2003.06.07"]
[EventType "swiss"]
[EventRounds "5"]
[EventCountry "CAN"]

1. e4 e5 2. Nf3 Nc6 3. Bc4 Nf6 4. d4 exd4 5. O-O Bc5 6. e5 d5 7. exf6 dxc4 8.
Re1+ Be6 9. Ng5 Qd5 10. Nc3 Qf5 11. Nce4 Bf8 12. g4 Qd5 13. Nxe6 fxe6 14. fxg7
Bxg7 15. Bh6 O-O 16. Bxg7 Kxg7 17. Qd2 Ne5 18. Qg5+ Ng6 19. Qxd5 exd5 20. Nc5
Nf4 21. Ne6+ Nxe6 22. Rxe6 Rae8 23. Rae1 Rxe6 24. Rxe6 d3 25. cxd3 cxd3 26. Re3
Rf4 27. Kf1 Rxg4 28. Rxd3 d4 29. b4 Kf6 30. Rf3+ Ke6 31. Ke2 d3+ 32. Kxd3 Rxb4
33. Rh3 Rb2 34. Rxh7 Rxa2 35. Rxc7 b5 36. h4 a5 37. f4 a4 38. Rc2 Ra1 39. Kc3
Rf1 40. Rb2 a3 41. Re2+ Kf5 42. Kb4 Rxf4+ 43. Kxb5 1/2-1/2

[Event "Eastern Ontario op"]
[Site "Ottawa CAN"]
[Date "2003.06.07"]
[Round "3"]
[White "Pacey, Kevin"]
[Black "Nezirovic, Ozren"]
[Result "1/2-1/2"]
[WhiteElo "2282"]
[BlackElo "2170"]
[PlyCount "125"]
[EventDate "2003.06.07"]
[EventType "swiss"]
[EventRounds "5"]
[EventCountry "CAN"]

1. d4 d6 2. e4 Nf6 3. Nc3 g6 4. Nf3 Bg7 5. h3 O-O 6. Be3 a6 7. a4 b6 8. Bd3 Bb7
9. O-O Nc6 10. Qd2 Nb4 11. Bh6 c5 12. Bxg7 Kxg7 13. d5 Nxd3 14. Qxd3 Rb8 15.
Rfd1 Qc7 16. Nh2 c4 17. Qd4 Qc5 18. b4 cxb3 19. Qxc5 bxc5 20. cxb3 Bc8 21. Rab1
Rb4 22. f3 Bd7 23. Na2 Rb7 24. Nf1 Rfb8 25. Nd2 Nh5 26. Rbc1 Nf4 27. Kf1 h5 28.
h4 Nd3 29. Rc2 Ne5 30. Rc3 f6 31. f4 Ng4 32. Nc1 Rb4 33. Nc4 Bxa4 34. Rdd3 Bb5
35. Na2 Bxc4 36. Nxb4 Bxd3+ 37. Nxd3 Ne3+ 38. Kg1 Ng4 39. Nf2 Nh6 40. Kf1 Nf7
41. Nd3 Rb5 42. Ke2 Nd8 43. Nc1 Kf7 44. Rc4 Nb7 45. Ra4 a5 46. Kd3 Rb4 47. Kc3
e6 48. Nd3 Rb6 49. f5 gxf5 50. dxe6+ Kxe6 51. Nf4+ Kf7 52. exf5 Rb4 53. Nxh5 d5
54. Nf4 d4+ 55. Kc2 Rxa4 56. bxa4 Nd6 57. g4 c4 58. Nd5 Ne4 59. g5 d3+ 60. Kb2
fxg5 61. hxg5 Nxg5 62. Kc3 d2 63. Kxd2 1/2-1/2